[Event "GER M03-A email"]
[Site "GER email"]
[Date "2014.06.01"]
[Round "?"]
[White "Boehme, Sebastian"]
[Black "Rowies, Antoine Rene S"]
[Result "1/2-1/2"]
[WhiteElo "2320"]
[BlackElo "2388"]
[PlyCount "71"]
[EventDate "2014.??.??"]
[EventType "tourn (corr)"]
[EventRounds "14"]
[EventCountry "GER"]
[SourceTitle "Corr 2022"]
[Source "ChessBase"]
[SourceDate "2021.10.24"]
[SourceVersion "1"]
[SourceVersionDate "2021.10.24"]
[SourceQuality "1"]

1. e4 e5 2. Nf3 Nc6 3. Bb5 a6 4. Ba4 Nf6 5. 0-0 Be7 6. Re1 b5 7. Bb3 d6 8. c3 0-0 9. h3 Na5 10. Bc2 c5 11. d4 Qc7 12. Nbd2 cxd4 13. cxd4 Nc6 14. Nb3 a5 15. Be3 a4 16. Nbd2 Bd7 17. Rc1 Qb7 18. Bd3 Rfc8 19. Qe2 Rab8 20. Nf1 g6 21. Ng3 h5 22. Bg5 Qb6 23. Qd2 Nxd4 24. Nxd4 exd4 25. Rcd1 Rc5 26. Bb1 b4 27. Qf4 Qd8 28. Rxd4 b3 29. Red1 a3 30. bxa3 b2 31. Qd2 Rxg5 32. Qxg5 Nxe4 33. Qe3 Nxg3 34. Qxg3 Qa5 35. Bxg6 fxg6 36. Qxg6+ 1/2-1/2

[Event "GER M03-A email"]
[Site "GER email"]
[Date "2014.06.01"]
[Round "?"]
[White "Mary, Patrick"]
[Black "Rowies, Antoine Rene S"]
[Result "0-1"]
[WhiteElo "2384"]
[BlackElo "2388"]
[PlyCount "92"]
[EventDate "2014.??.??"]
[EventType "tourn (corr)"]
[EventRounds "14"]
[EventCountry "GER"]
[SourceTitle "Corr 2017"]
[Source "ChessBase"]
[SourceDate "2017.09.19"]
[SourceVersion "1"]
[SourceVersionDate "2017.09.19"]
[SourceQuality "1"]

1. e4 e5 2. Nf3 Nc6 3. Bb5 a6 4. Bxc6 dxc6 5. 0-0 Bg4 6. h3 h5 7. d3 Qf6 8. Be3 Bxf3 9. Qxf3 Qxf3 10. gxf3 Bd6 11. Nd2 Ne7 12. Nc4 Ng6 13. Kh2 f6 14. Rg1 Kf7 15. Kg3 f5 16. Bg5 f4+ 17. Kg2 h4 18. Kf1 c5 19. Ke2 b5 20. Na5 Nf8 21. c3 Ne6 22. Rg4 Rh5 23. Rag1 Ke8 24. Kd2 Kd7 25. Kd1 c6 26. R1g2 Bc7 27. Nb3 Rah8 28. Kc2 a5 29. a4 Rb8 30. Nd2 Bd6 31. Rg1 Kc7 32. R1g2 Kb6 33. b3 Kc7 34. Rg1 Kd7 35. R4g2 Bf8 36. Rg4 c4 37. axb5 cxb5 38. d4 exd4 39. Bxf4 cxb3+ 40. Kb1 Nxf4 41. Rxf4 dxc3 42. Nxb3 a4 43. Nd4 b4 44. Rf7+ Ke8 45. Ra7 b3 46. Rxa4 Bd6 0-1

[Event "GER M03-A email"]
[Site "GER email"]
[Date "2014.06.01"]
[Round "?"]
[White "Rowies, Antoine Rene S"]
[Black "Tesic, Zdravko"]
[Result "1-0"]
[WhiteElo "2388"]
[BlackElo "2411"]
[PlyCount "113"]
[EventDate "2014.??.??"]
[EventType "tourn (corr)"]
[EventRounds "14"]
[EventCountry "GER"]
[SourceTitle "Corr 2017"]
[Source "ChessBase"]
[SourceDate "2017.09.19"]
[SourceVersion "1"]
[SourceVersionDate "2017.09.19"]
[SourceQuality "1"]

1. d4 Nf6 2. c4 g6 3. g3 c5 4. Nf3 cxd4 5. Nxd4 Bg7 6. Bg2 0-0 7. Nc3 Qc7 8. b3 d5 9. Ndb5 Qa5 10. Bd2 dxc4 11. bxc4 Qd8 12. 0-0 a6 13. Na3 Nc6 14. Rb1 Be6 15. Qc1 Qd7 16. Rd1 Rad8 17. Bg5 Qc8 18. Nd5 Bf5 19. Nc2 Rfe8 20. Rb6 Be4 21. Bxf6 exf6 22. Bxe4 Rxe4 23. Nce3 f5 24. Qb1 Rd7 25. Rb3 Re6 26. Rd2 Ne5 27. Rc2 Bh6 28. h3 Bxe3 29. Rxe3 Rd8 30. Rc1 Qc6 31. a4 Rde8 32. Nf4 Rd6 33. a5 Kg7 34. Nd5 f6 35. Rb3 Rb8 36. Nf4 Qd7 37. c5 Rc6 38. Rd1 Qf7 39. Rd6 Rxd6 40. cxd6 Qd7 41. Qd1 g5 42. Nh5+ Kg6 43. g4 fxg4 44. hxg4 Nxg4 45. Ng3 f5 46. Qb1 Ne5 47. Re3 Re8 48. Qd1 f4 49. Qb1+ Kf7 50. Qxh7+ Kf8 51. Qh6+ Qg7 52. Qxg7+ Kxg7 53. d7 Rd8 54. Rxe5 fxg3 55. Rxg5+ Kf6 56. f4 Rxd7 57. Kg2 1-0